000 01130nam a2200277 i 4500
001 5598
003 ES-MaACL
005 20251217063015.0
007 t|
008 881219s1987 sp ||||1| spa d
020 _a84-7351-219-7
080 _a35(46)"18"(04)
100 0 _aBurgos, Javier de,
_d1778-1849
_932653
245 1 4 _aLas ideas de administración de Javier de Burgos /
_cestudio preliminar Eduardo Roca Roca.
260 _aAlcalá de Henares :
_bInstituto Nacional de Administración Pública,
_c[1987]
300 _a170 p. ;
_c21 cm.
490 1 _aCarlos III y la Ilustración
500 _aCon motivo de la conmemoración del "Segundo Centenario de Carlos III", bajo el lema "Carlos III y la Ilustración"
651 4 _aEspaña-
_xAdministración-
_yS.XVIII.
_9144197
651 4 _aEspaña-
_xAdministración-
_yS.XIX.
_9138846
700 1 _aRoca Roca, Eduardo.
_998009
710 2 _aInstituto Nacional de Administración Pública (España)
_95139
830 0 0 _aCarlos III y la Ilustración (Instituto Nacional Administración Pública)
_9177302
852 _aES-MaACL
_jL-12371
999 _c5598
_d5598